000 02297cam a22006014i 4500
003 PE-LiUPU
005 20250731170442.0
008 150625s2003 bo r 000 0 spa d
035 _a(Sirsi) a37891
040 _aPE-LiUPU
_bspa
_cPE-LiUPU
_dPE-LiUPU
_erda
049 _aPRUA
082 0 4 _a158.1
_bS21
_221
100 1 _aSantos Gutierrez, Edual Delmar,
_eautor.
245 1 0 _aProverbios de la vida en 3 minutos /
_cSantos Gutierrez, Edual Delmar.
264 1 _aCochabamba :
_bKipus,
_c2003.
300 _a207 páginas ;
_c21 centímetros
336 _atext
_2rdacontent
337 _aunmediated
_2rdamedia
338 _avolume
_2rdacarrier
505 0 _aExcelencia del ser -- Ricos y pobres -- Vislumbres de esperanza -- El milagro de la voluntad -- Edad de oro -- Sabiduría para la vida -- Cuentos de la vida.
526 _aSEG68
526 _aSEG70
526 _aSEG69
526 _aSEG67
526 _aSEG43
526 _aP144
526 _aP143
526 _aP131
526 _aP122
526 _aP120
526 _aP117
526 _aP112
526 _aP110
526 _aP106
526 _aP101
526 _aP80
526 _aP59
526 _aP54
526 _aP35
526 _aP33
526 _aP30
541 _g0001;
541 _g0001;
650 0 4 _aSabiduría.
650 0 4 _aExito.
_91682
942 _2ddc
_cBOOK
949 _a158.1 S21
_wDEWEY
_c1
_i56976
_lCCODEBUL1
_mBUL
_p5.00
_r0
_sY
_tBOOK
_u2015-06-25
_xFCE
_PP08
_0COMPRA
_o.STAFF. Colección Ciencias de la Salud
949 _a158.1 S21
_wDEWEY
_c2
_i56977
_lCCODEBUL1
_mBUL
_p5.00
_r0
_sY
_tBOOK
_u2015-06-25
_xFCE
_PP08
_0COMPRA
_o.STAFF. Colección Ciencias de la Salud
994 _aC0
_bPEPRU
596 _a1
999 _a158.1 S21
_wDEWEY
_c46114
_i56976
_d46114
_e2016-6-19
_f2021-11-3
_g4
_lCCODEBUL1
_mBUL
_n1
_p5.00
_r0
_sY
_tBOOK
_u2015-6-25
_xSALUD
_zP35
_0COMPRA
_o.STAFF. Colección Ciencias de la Salud
999 _a158.1 S21
_wDEWEY
_c2
_i56977
_d2015-10-22
_e2015-10-21
_f2021-11-3
_g6
_lCCODEBUL1
_mBUL
_n1
_p5.00
_r0
_sY
_tBOOK
_u2015-6-25
_xSALUD
_zP08
_0COMPRA
_o.STAFF. Colección Ciencias de la Salud
980 _81
_gALBERTO SANCHEZ Responsable de Automatización